00398nam a2200133Ia 4500100001700000942000700017654002500024245002500049260003200074082001300106546001200119999001700131952011600148 aGieck/ Kurt  cBK aEngineering formulas aEngineering formulas bMcGraw HillaNew Yorkc1976 a621.0212 aENGLISH c19234d19234 001040708AFTaCRCEbCRCEd2023-03-17g90.55iT-928l0o621.0212 pAFT2134r2023-03-17v90.55w2023-03-17yBK